Statystyki dla Męskie Imiona na literę L

Kliknij tutaj aby rozwiązać quiz!

Ogólne statystyki

  • Ten quiz został rozwiązany 183 razy
    (164 od ostatniego zresetowania)
  • Średni wynik to 6 z 18

Statystyki odpowiedzi

Imiona% Poprawnych
Leo
77%
Leon
74%
Lucjan
71%
Lech
69%
Ludwik
66%
Leszek
62%
Lesław
40%
Lechosław
31%
Leonard
31%
Lucjusz
30%
Leopold
27%
Leokadiusz
11%
Lambert
6%
Lenart
5%
Lotariusz
3%
Laurencjusz
2%
Leokadian
2%
Liberiusz
0%

Rozkład punktacji

Percentyl według liczby udzielonych odpowiedzi

Procent ludzi z każdym wynikiem

Twoja historia wyników

Nie rozwiązałeś tego quizu od ostatniego zresetowania